000 01499cam a2200397 i 4500
001 42080
003 Mx-PuUPA
005 20240410103821.0
008 140415s2015 mx a gr 000 0bspa d
020 _a9786076183212
040 _cMx-PuUPA
_aMx-PuUPA
_bspa
_dMx-PuUPA
_erda
041 1 _aspa
_heng
100 1 _aSouter, Gerry,
_d1940-2022
_915031
_eautor
240 1 0 _aDiego Rivera : his art and his passions.
_lEspañol
245 1 0 _aDiego Rivera :
_bsu arte y sus pasiones /
_cGerry Souter ; traductor, Millán González Díaz
260 _a
_b
_c
264 1 _aNaucalpan, Estado de México :
_bNumen,
_c©2015
300 _a255 páginas :
_bilustraciones, fotografías ;
_c32 cm
336 _2rdacontent
_atexto
_btxt
336 _2rdacontent
_aimagen fija
_bsti
337 _2rdamedia
_asin medio
_bn
338 _2rdacarrier
_avolumen
_bnc
502 _a
600 4 _aRivera, Diego,
_d1886-1957
600 4 _aRivera, Diego,
_d1886-1957,
_xCrítica e interpretación
600 4 _aRivera, Diego,
_d1886-1957,
_xObras pictóricas
650 7 _2armarc
_aPintores
_zMéxico
_ySiglo XX
_xBiografía
650 7 _2armarc
_aPintura mexicana
_ySiglo XX
700 1 _aGonzález Díaz, Millán,
_etraductor
765 0 _aSouter, Gerry, 1940-2022,
_tDiego Rivera : his art and his passions.
942 _2ddc
_cLI
_h759.972
_iR616
_n
999 _c42080
_d42080